| 000 | 01042cam a22003011 4500 | ||
|---|---|---|---|
| 001 | 1414 | ||
| 005 | 20231124145600.0 | ||
| 020 | _a9780807507940 | ||
| 040 |
_aDLC _cDLC _dDLC _dOCoLC _dDLC _beng |
||
| 050 | 0 | 0 |
_aPZ7.W244 _bBl |
| 082 | _a813 | ||
| 100 | 1 |
_aWarner, Gertrude Chandler _d1890-1979 |
|
| 245 | 1 | 0 |
_aBlue Bay mystery / _cby Gertrude Chandler Warner Illustrated by Dirk Gringhuis |
| 260 |
_aNiles : _bAlbert Whitman and Company, _c1961 |
||
| 300 |
_a157 pages : _billustrations ; _c20 cm |
||
| 490 |
_aThe boxcar children _vBook 6 |
||
| 505 | _aN | ||
| 520 | _aThe Aldens find a castaway on a South Sea island. How did he get there and who is he? | ||
| 521 |
_a540
_bLexile |
||
| 521 |
_aN
_bRaz-Plus |
||
| 650 | 0 |
_aBoxcar children _vJuvenile fiction. |
|
| 650 | 0 |
_aOrphans _vJuvenile fiction. |
|
| 650 | 0 |
_aFamilies _vJuvenile fiction. |
|
| 655 | 7 |
_aDetective and mystery stories. _2gsafd |
|
| 700 |
_aGringhuis, Dirk _eillustrator |
||
| 906 |
_a7 _bcbc _corignew _du _eocip _f19 _gy-gencatlg |
||
| 942 |
_2ddc _cBK _n0 |
||
| 999 |
_c1414 _d1414 |
||